Statistics for Cities of Los Angeles County

Click here to take the quiz!

General Stats

  • This quiz has been taken 955 times
  • The average score is 34 of 88

Answer Stats

Answer % Correct
Santa Monica
83%
Los Angeles
80%
Long Beach
79%
Compton
75%
Pasadena
75%
Beverly Hills
70%
Malibu
67%
Glendale
66%
Inglewood
65%
Burbank
65%
Torrance
56%
West Hollywood
56%
Manhattan Beach
52%
Pomona
51%
Redondo Beach
49%
Santa Clarita
49%
Downey
48%
Carson
48%
Bell
47%
West Covina
47%
Culver City
45%
Alhambra
45%
Covina
44%
El Segundo
44%
Norwalk
43%
Palmdale
43%
San Fernando
43%
Whittier
43%
Hawthorne
42%
Lancaster
42%
El Monte
41%
Industry
40%
Azusa
39%
Hermosa Beach
38%
Claremont
38%
South Gate
38%
Cerritos
38%
Arcadia
37%
Glendora
37%
Lakewood
37%
Calabasas
36%
Gardena
36%
Bell Gardens
36%
Commerce
35%
San Dimas
34%
Rancho Palos Verdes
34%
San Gabriel
34%
Diamond Bar
34%
La Cañada Flintridge
34%
South Pasadena
33%
Bellflower
33%
Baldwin Park
33%
Montebello
33%
Huntington Park
33%
Pico Rivera
33%
Monterey Park
32%
Hawaiian Gardens
30%
Lynwood
30%
Palos Verdes Estates
30%
Rolling Hills
29%
Monrovia
29%
La Mirada
29%
Rosemead
28%
San Marino
28%
Duarte
28%
La Verne
28%
Santa Fe Springs
27%
Paramount
26%
Agoura Hills
26%
Lawndale
26%
Artesia
25%
La Puente
25%
Walnut
25%
Signal Hill
25%
South El Monte
25%
Irwindale
24%
Westlake Village
24%
Cudahy
24%
Temple City
23%
Rolling Hills Estates
23%
Maywood
23%
Lomita
23%
Vernon
22%
La Habra Heights
20%
Avalon
19%
Bradbury
18%
Sierra Madre
18%
Hidden Hills
18%

Score Distribution

Percentile by Number Answered

Percent of People with Each Score

Your Score History

You have not taken this quiz